<?xml version="1.0" encoding="UTF-8"?>
<record
    xmlns:xsi="http://www.w3.org/2001/XMLSchema-instance"
    xsi:schemaLocation="http://www.loc.gov/MARC21/slim http://www.loc.gov/standards/marcxml/schema/MARC21slim.xsd"
    xmlns="http://www.loc.gov/MARC21/slim">

  <leader>00446nam a22001577a 4500</leader>
  <controlfield tag="005">20260204120133.0</controlfield>
  <controlfield tag="008">260204b        |||||||| |||| 00| 0 eng d</controlfield>
  <datafield tag="020" ind1=" " ind2=" ">
    <subfield code="a">978-93-6993-916-9</subfield>
  </datafield>
  <datafield tag="041" ind1=" " ind2=" ">
    <subfield code="a">Eng.</subfield>
  </datafield>
  <datafield tag="100" ind1=" " ind2=" ">
    <subfield code="a">Jabde, M. K. &amp; Patil, C. N.</subfield>
    <subfield code="9">216586</subfield>
  </datafield>
  <datafield tag="245" ind1=" " ind2=" ">
    <subfield code="a">Introduction to Artificial Intelligence and Machine Learning  Sem.- IV  ( S.Y.B.Sc. Comp. )</subfield>
  </datafield>
  <datafield tag="250" ind1=" " ind2=" ">
    <subfield code="a">1st ed.</subfield>
  </datafield>
  <datafield tag="260" ind1=" " ind2=" ">
    <subfield code="a">Pune</subfield>
    <subfield code="b">Nirali</subfield>
  </datafield>
  <datafield tag="300" ind1=" " ind2=" ">
    <subfield code="a">B.1</subfield>
  </datafield>
  <datafield tag="942" ind1=" " ind2=" ">
    <subfield code="c">BK</subfield>
  </datafield>
  <datafield tag="999" ind1=" " ind2=" ">
    <subfield code="c">370301</subfield>
    <subfield code="d">370301</subfield>
  </datafield>
  <datafield tag="952" ind1=" " ind2=" ">
    <subfield code="0">0</subfield>
    <subfield code="1">0</subfield>
    <subfield code="2">ddc</subfield>
    <subfield code="4">0</subfield>
    <subfield code="7">0</subfield>
    <subfield code="a">SSMM</subfield>
    <subfield code="b">SSMM</subfield>
    <subfield code="d">2026-02-04</subfield>
    <subfield code="e">Nirali</subfield>
    <subfield code="g">105.00</subfield>
    <subfield code="i">P 75001</subfield>
    <subfield code="l">0</subfield>
    <subfield code="p">SSMM-BK-32919</subfield>
    <subfield code="r">2026-02-04 11:41:00</subfield>
    <subfield code="w">2026-01-24</subfield>
    <subfield code="y">BK</subfield>
    <subfield code="z">010032919</subfield>
  </datafield>
  <datafield tag="952" ind1=" " ind2=" ">
    <subfield code="0">0</subfield>
    <subfield code="1">0</subfield>
    <subfield code="2">ddc</subfield>
    <subfield code="4">0</subfield>
    <subfield code="7">0</subfield>
    <subfield code="a">SSMM</subfield>
    <subfield code="b">SSMM</subfield>
    <subfield code="d">2026-02-04</subfield>
    <subfield code="e">Nirali</subfield>
    <subfield code="g">105.00</subfield>
    <subfield code="i">P 75001</subfield>
    <subfield code="l">0</subfield>
    <subfield code="p">SSMM-BK-32920</subfield>
    <subfield code="r">2026-02-04 11:41:00</subfield>
    <subfield code="w">2026-01-24</subfield>
    <subfield code="y">BK</subfield>
    <subfield code="z">010032920</subfield>
  </datafield>
  <datafield tag="952" ind1=" " ind2=" ">
    <subfield code="0">0</subfield>
    <subfield code="1">0</subfield>
    <subfield code="2">ddc</subfield>
    <subfield code="4">0</subfield>
    <subfield code="7">0</subfield>
    <subfield code="a">SSMM</subfield>
    <subfield code="b">SSMM</subfield>
    <subfield code="d">2026-02-04</subfield>
    <subfield code="e">Nirali</subfield>
    <subfield code="g">105.00</subfield>
    <subfield code="i">P 75001</subfield>
    <subfield code="l">0</subfield>
    <subfield code="p">SSMM-BK-32921</subfield>
    <subfield code="r">2026-02-04 11:41:00</subfield>
    <subfield code="w">2026-01-24</subfield>
    <subfield code="y">BK</subfield>
    <subfield code="z">010032921</subfield>
  </datafield>
  <datafield tag="952" ind1=" " ind2=" ">
    <subfield code="0">0</subfield>
    <subfield code="1">0</subfield>
    <subfield code="2">ddc</subfield>
    <subfield code="4">0</subfield>
    <subfield code="7">0</subfield>
    <subfield code="a">SSMM</subfield>
    <subfield code="b">SSMM</subfield>
    <subfield code="d">2026-02-04</subfield>
    <subfield code="e">Nirali</subfield>
    <subfield code="g">105.00</subfield>
    <subfield code="i">P 75001</subfield>
    <subfield code="l">0</subfield>
    <subfield code="p">SSMM-BK-32922</subfield>
    <subfield code="r">2026-02-04 11:41:00</subfield>
    <subfield code="w">2026-01-24</subfield>
    <subfield code="y">BK</subfield>
    <subfield code="z">010032922</subfield>
  </datafield>
  <datafield tag="952" ind1=" " ind2=" ">
    <subfield code="0">0</subfield>
    <subfield code="1">0</subfield>
    <subfield code="2">ddc</subfield>
    <subfield code="4">0</subfield>
    <subfield code="7">0</subfield>
    <subfield code="a">SSMM</subfield>
    <subfield code="b">SSMM</subfield>
    <subfield code="d">2026-02-04</subfield>
    <subfield code="e">Nirali</subfield>
    <subfield code="g">105.00</subfield>
    <subfield code="i">P 75001</subfield>
    <subfield code="l">0</subfield>
    <subfield code="p">SSMM-BK-32923</subfield>
    <subfield code="r">2026-02-04 11:41:00</subfield>
    <subfield code="w">2026-01-24</subfield>
    <subfield code="y">BK</subfield>
    <subfield code="z">010032923</subfield>
  </datafield>
</record>
